Loading...
| Fine Arts - Painting and Sculpture | 0 | 9 | 0 | 0 | 90 | 38 | 74.00 | 7 | 9 | 0.00 | 0.00 |
| Fine Arts - Classical Music | 0 | 6 | 0 | 1 | 60 | 63 | 94.50 | 4 | 5 | 0.00 | 0.00 |
| Fine Arts - Other | 0 | 6 | 0 | 2 | 60 | 74 | 107.00 | 1 | 6 | 0.00 | 0.00 |
| Science - Biology | 0 | 6 | 0 | 2 | 60 | 11 | 79.67 | 2 | 6 | 0.00 | 0.00 |
| Literature - World | 0 | 6 | 1 | 2 | 55 | 67 | 117.33 | 1 | 3 | 0.00 | 0.00 |
| Literature - British | 0 | 3 | 0 | 0 | 30 | 15 | 44.00 | 1 | 3 | 0.00 | 0.00 |
| Literature - European | 0 | 2 | 0 | 1 | 20 | 77 | 101.00 | 1 | 2 | 0.00 | 0.00 |
| Science - Chemistry | 0 | 2 | 1 | 0 | 15 | 43 | 67.50 | 1 | 2 | 0.00 | 0.00 |
| History - European | 0 | 1 | 0 | 0 | 10 | 59 | 59.00 | 1 | 1 | 0.00 | 0.00 |
| Social Science | 0 | 1 | 0 | 0 | 10 | 74 | 74.00 | 1 | 1 | 0.00 | 0.00 |
| Mythology | 0 | 1 | 0 | 1 | 10 | 148 | 148.00 | 1 | 1 | 0.00 | 0.00 |
| Philosophy | 0 | 1 | 0 | 0 | 10 | 148 | 148.00 | 0 | 1 | 0.00 | 0.00 |
| Literature - American | 0 | 0 | 0 | 0 | 0 | 0.00 | 0 | 0 | 0.00 | 0.00 | |
| Religion | 0 | 0 | 2 | 0 | -10 | 0.00 | 0 | 0 | 0.00 | 0.00 |